| 000 | 00874cam a22002653a 4500 | ||
|---|---|---|---|
| 001 | 25512 | ||
| 003 | PGUSA | ||
| 005 | 20140828083540.0 | ||
| 008 | 080518s2008||||xxu|||||s|||||000 | eng d | ||
| 040 |
_aPGUSA _beng |
||
| 042 | _adc | ||
| 050 | 4 | _aPA | |
| 100 | 1 | _aPhaedrus | |
| 245 | 1 | 4 |
_aThe Fables of Phædrus : _bLiterally translated into English prose with notes _h[electronic resource] / _cPhaedrus |
| 260 |
_bProject Gutenberg, _c2008 |
||
| 506 | _aPublic domain in the USA. | ||
| 516 | _aElectronic text | ||
| 653 | _aFables, Latin -- Translations into English | ||
| 700 | 1 |
_aRiley, Henry T. _q(Henry Thomas), _d1816-1878 |
|
| 700 | 1 |
_aSmart, Christopher, _d1722-1771 |
|
| 740 | 0 | _aFables of Phaedrus Literally translated into English prose with notes | |
| 830 | 0 |
_aProject Gutenberg _v25512 |
|
| 856 | 4 | 0 | _uhttp://www.gutenberg.org/ebooks/25512 |
| 942 | _cEB | ||
| 999 |
_c254767 _d254767 |
||